000
00355nam a2200157Ia 4500
003
OSt
005
20240424162906.0
008
170524s9999 xx 000 0 und d
020
_a
978-0132624787
040
_c
iimtu
100
_a
Lewis- Harry R.
245
0
_a
Elements of the Theory of Computation
260
_b
PHI
260
_c
2009
942
_2
ddc
_c
02
999
_c
5844
_d
5844